000
00315nam a2200109Ia 4500
008
171211s9999 xx 000 0 und d
245
_a
Mozarterapia. La musica, la mente, la felicità
245
_c
Vittorino Andreoli
260
_c
2010
650
_x
music
856
_u
http://down.ebook777.com/060/9788895630328.pdf
999
_c
348687
_d
348687